UFC Mens Pound for Pound Rankings - Statistics

General Stats
  • This quiz has been taken 108 times
    102 since last reset
  • The average score is 12 of 15
Answer Stats
Ranking Answer % Correct
#2 Jon Jones
100%
#1 Alexander Volkanovski
93%
#3 Islam Makhachev
93%
#5 Israel Adesanya
90%
#8 Kamaru Usman
88%
#11 Alex Pereira
86%
#4 Leon Edwards
86%
#7 Charles Oliveira
82%
#12 Max Holloway
76%
#9 Alexandre Pantoja
73%
#6 Aljamain Sterling
73%
#15 Brandon Moreno
69%
#13 Dustin Poirier
64%
#14 Jamahal Hill
60%
#10 Jiri Prochazka
58%
No matching quizzes found
Score Distribution
Percent of People with Each Score
Percentile by Number Answered
Your Score History
You have not taken this quiz since the last reset